|
|
|
|
| LEADER |
00000nam0a2200000 4500 |
| 001 |
104128 |
| 005 |
20231031113851.0 |
| 010 |
|
|
|a 5352004945
|
| 035 |
|
|
|a (RuTPU)RU\TPU\book\112241
|
| 090 |
|
|
|a 104128
|
| 100 |
|
|
|a 20061026d2003 m y0rusy50 ca
|
| 101 |
0 |
|
|a rus
|
| 102 |
|
|
|a RU
|
| 105 |
|
|
|a y z 000ay
|
| 200 |
1 |
|
|a Время палача
|e роман
|f А. Щупов
|
| 210 |
|
|
|a СПб.
|c Азбука-классика
|d 2003
|
| 215 |
|
|
|a 416 с.
|
| 225 |
1 |
|
|a Правила боя
|
| 330 |
|
|
|a Он — человек и тем не менее явился на Землю из другого мира. Он способен лечить любые болезни и наделен умениями, о которых трудно даже мечтать. Он видит истинную суть человека, и его невозможно обмануть. Он знает об опасности, нависшей над землянами, и хочет ее предотвратить. Увы, на его пути встают люди — добрые и злые, любящие и непонимающие. Ему противно убийство, но другого выхода нет. Он вынужден выносить один приговор за другим...
|
| 610 |
1 |
|
|a русская литература
|
| 610 |
1 |
|
|a романы
|
| 610 |
1 |
|
|a фантастика
|
| 675 |
|
|
|a Р2
|v 3
|
| 700 |
|
1 |
|a Щупов
|b А.
|g Андрей
|
| 801 |
|
1 |
|a RU
|b 63413507
|c 20061026
|g PSBO
|
| 801 |
|
2 |
|a RU
|b 63413507
|c 20061109
|g PSBO
|
| 942 |
|
|
|c BK
|